Paranoid Park

Un caso sin resolver ocurrido en los alrededores de Paranoid Park, un parque público conflictivo de Portland, lleva a los detectives a investigar en un instituto de los alrededores.

Guardado en:
Autor Principal: Van Sant, Gus.
Otros Autores: Nevins, Gabe; reparto., Momsen, Taylor; reparto., Miller, Jake; reparto.
Formato: Deslizar
Idioma:Undetermined
Publicado: Estados Unidos. : MK2 Productions, 2007.
Series:Archivo fílmico pedagógico. Jóvenes y escuelas
Materias:
Etiquetas: Agregar Etiqueta
Sin Etiquetas, Sea el primero en etiquetar este registro!
LEADER 01041ngm a22002535a 4500
001 CEM.cems020952
008 240320s2007####mx#---############vlund#d
005 20240320204228.0
245 1 0 |a Paranoid Park  |h [videograbación] /  |c Gus Van Sant. 
260 |a Estados Unidos. :  |b MK2 Productions,  |c 2007. 
300 |a 85'. 
490 1 |a Archivo fílmico pedagógico. Jóvenes y escuelas 
520 |a Un caso sin resolver ocurrido en los alrededores de Paranoid Park, un parque público conflictivo de Portland, lleva a los detectives a investigar en un instituto de los alrededores. 
590 |a Identificación anterior: 381 
538 |a Soporte: DVD 
500 |a Título original: Paranoid Park- Idioma original: Inglés - Subtítulos en español. 
100 1 |a Van Sant, Gus. 
700 1 |a Nevins, Gabe; reparto. 
700 1 |a Momsen, Taylor; reparto. 
700 1 |a Miller, Jake; reparto. 
653 |a LARGOMETRAJE 
653 |a DRAMA 
653 |a CRIMEN 
859 |a CEMS  |b BIB. CEMS - Depto. Recursos Didacticos  |h 778.5  |i VAN-3  |k DRD  |p 3320.24  |t Ej.1